Degrassi: Every Kiss, Relationship, Date, and Attraction - Statistics

General Stats
  • This quiz has been taken 71 times
    70 since last reset
  • The average score is 58 of 162
Answer Stats
Answer % Correct
Emma Nelson
100%
Clare Edwards
88%
Drew Torres
88%
Eli Goldsworthy
88%
Alli Bhandari
75%
Craig Manning
75%
Jimmy Brooks
75%
JT Yorke
75%
Manny Santos
75%
Spinner Mason
75%
Toby Isaacs
75%
Adam Torres
63%
Ashley Kerwin
63%
Bianca
63%
Darcy Edwards
63%
Declan Coyne
63%
Ellie Nash
63%
Esme Song
63%
Fiona Coyne
63%
Frankie Hollingsworth
63%
Hazel Aden
63%
Holly J Sinclair
63%
Hunter Hollingsworth
63%
Jake Martin
63%
Jane Vaughn
63%
Katie Matlin
63%
Kendra Mason
63%
Liberty Van Zandt
63%
Maya Matlin
63%
Mia Jones
63%
Miles Hollingsworth
63%
Paige Michalchuk
63%
Sav Bhandari
63%
Sean Cameron
63%
Zoë Rivas
63%
Alex Nuñez
50%
Anya Macpherson
50%
Becky Baker
50%
Bianca Desousa
50%
Campbell Saunders
50%
Connor Delaurier
50%
Danny Van Zandt
50%
Dave Turner
50%
Grace Cardinal
50%
Imogen Moreno
50%
Jay Hogart
50%
Jenna Middleton
50%
Johnny Dimarco
50%
Jonah Haak
50%
KC Guthrie
50%
Lola Pacini
50%
Marco Del Rossi
50%
Marisol Lewis
50%
Mick
50%
Mike
50%
Mike Dallas
50%
Mo Mashkour
50%
Owen Milligan
50%
Peter Stone
50%
Terri Macgregor
50%
Tiny Bell
50%
Tristan Milligan
50%
Winston Chu
50%
Zig Novak
50%
Arlene Takahashi
38%
Baaz Nahir
38%
Blue Chessex
38%
Chantay Black
38%
Damian Hayes
38%
Derek Haig
38%
Dylan Michalchuk
38%
Goldi Nahir
38%
Jack Jones
38%
Kelly Ashoona
38%
Leia Chang
38%
Luke Baker
38%
Rasha Zuabi
38%
Rick Murray
38%
Saad Al'Maliki
38%
Shay Powers
38%
Tori Santamaria
38%
Vijay Maraj
38%
Wesley Betenkamp
38%
Yael Baron
38%
Zane Park
38%
Amy Peters Hoffman
25%
Charlie Lima
25%
Chris Sharpe
25%
Fab Juarez
25%
Grant Yates
25%
Jesse Stefanovic
25%
Jess Martello
25%
Leo Lauzon
25%
Lucas Valieri
25%
Mel
25%
Riley Starvos
25%
Sadie Rowland
25%
Trina
25%
Vanessa
25%
Winnie Oh
25%
Alistair
13%
Andre
13%
Ansom
13%
Anton
13%
Asher
13%
Ben
13%
Bobby Breckonridge
13%
Bruce the Moose
13%
Carla Carlisle
13%
Chester Hosada Bloom
13%
Chloe
13%
Chris Pellow
13%
Christie
13%
Cliff Jacobs
13%
Crissy
13%
Darrin Howe
13%
Dean Walton
13%
Dr. Chris
13%
Eden
13%
Eric
13%
Gage
13%
George
13%
Gloria Chin
13%
Griffin Pierce Taylor
13%
Hannah Belmont
13%
Harry
13%
Jacinta Morley
13%
Julia
13%
Kayla
13%
Keke Palmer
13%
Lenore Mantino
13%
Liam Berish
13%
Lindsey
13%
Logan
13%
Mark Fitzgerald
13%
Matt Oleander
13%
Melinda
13%
Missy Parker
13%
Morgan
13%
Nate
13%
Nathan
13%
Neil Martin
13%
Nic
13%
Nora
13%
Oliver Dean
13%
Rachel
13%
Sam
13%
Samira
13%
Sebastian
13%
Sophie
13%
Sully
13%
Thomas Faron
13%
Tim
13%
Tom
13%
Tom Blake
13%
Towerz
13%
Trish
13%
Tyler
13%
Victoria
13%
Vince Bell
13%
Yvette
13%
No matching quizzes found
Score Distribution
Percent of People with Each Score
Percentile by Number Answered
Your Score History
You have not taken this quiz since the last reset